000
00215nam a2200097Ia 4500
008
240625s9999 xx 000 0 und d
041
_a
eng
100
_a
TRAIN2SUCCESS
245
_a
CONFLICT MANAGEMENT
260
_c
2007
999
_c
34377
_d
34377